|
|
|
|
| LEADER |
00000nam0a2200000 4500 |
| 001 |
324534 |
| 005 |
20231102003658.0 |
| 035 |
|
|
|a (RuTPU)RU\TPU\book\350132
|
| 035 |
|
|
|a RU\TPU\book\338245
|
| 090 |
|
|
|a 324534
|
| 100 |
|
|
|a 20161117d1954 m y0rusy50 ca
|
| 101 |
0 |
|
|a rus
|
| 102 |
|
|
|a UA
|
| 105 |
|
|
|a a j 000zy
|
| 200 |
1 |
|
|a Теория механизмов и машин
|e учебное пособие
|f С. Н. Кожевников
|
| 205 |
|
|
|a 2-е изд., испр. и доп.
|
| 210 |
|
|
|a Киев
|c Машгиз
|d 1954
|
| 215 |
|
|
|a 644 с.
|c ил.
|
| 320 |
|
|
|a Библиогр.: с. 638-639
|
| 606 |
1 |
|
|a Механизмы и машины
|x Теория
|2 stltpush
|3 (RuTPU)RU\TPU\subj\64695
|9 81456
|
| 610 |
1 |
|
|a прикладная механика
|
| 610 |
1 |
|
|a механизмы
|
| 610 |
1 |
|
|a машины
|
| 610 |
1 |
|
|a теория
|
| 610 |
1 |
|
|a учебные пособия
|
| 610 |
1 |
|
|a кинематика
|
| 610 |
1 |
|
|a плоские механизмы
|
| 610 |
1 |
|
|a кулачковые механизмы
|
| 610 |
1 |
|
|a зубчатые колеса
|
| 610 |
1 |
|
|a статика
|
| 610 |
1 |
|
|a кинематика
|
| 610 |
1 |
|
|a трение
|
| 610 |
1 |
|
|a износ
|
| 610 |
1 |
|
|a фрикционные передачи
|
| 610 |
1 |
|
|a коэффициент полезного действия
|
| 675 |
|
|
|a 621.01(075.8)
|v 4
|
| 700 |
|
1 |
|a Кожевников
|b С. Н.
|g Сергей Николаевич
|
| 801 |
|
0 |
|a RU
|b 63413507
|c 20011210
|g PSBO
|
| 801 |
|
2 |
|a RU
|b 63413507
|c 20171201
|g PSBO
|
| 900 |
|
|
|a Прикладная механика
|
| 900 |
|
|
|a Теория машин и механизмов
|
| 942 |
|
|
|c BK
|